Skip to main content
Your cart is empty.
Your lists
Log in to create your own lists
Your cookies
العربية
English
العربية
Home
Search
Advanced search
Authority search
About
The noble scholar, jurist, historian
His Excellency Dr. Abdul Wahhab bin Ibrahim Abu Sulaiman, may Allah have mercy on him.
He was born in Umm Al-Qura in the year 1356 AH.
Library catalog
Title
Author
Subject
ISBN
ISSN
Series
Call number
Log in to your account
×
Login:
Password:
Home
MARC view: الذيل على طبقات الحنابلة /
Normal view
MARC view
ISBD view
الذيل على طبقات الحنابلة / (Record no. 5862)
[
view plain
]
MARC details
000 -LEADER
fixed length control field
01523cam a2200301 ia4500
003 - CONTROL NUMBER IDENTIFIER
control field
SA-RiAUC
005 - DATE AND TIME OF LATEST TRANSACTION
control field
20250212094152.0
008 - FIXED-LENGTH DATA ELEMENTS--GENERAL INFORMATION
fixed length control field
240928s1997 le g 000 0cara c
040 ## - CATALOGING SOURCE
Original cataloging agency
KW-ShULA
Language of cataloging
ara
Transcribing agency
SA-RiAUC
Description conventions
rda
050 #0 - LIBRARY OF CONGRESS CALL NUMBER
Item number
I26. 1997
082 04 - DEWEY DECIMAL CLASSIFICATION NUMBER
Classification number
922.584
Assigning agency
SA-RiAUC
090 ## - LOCALLY ASSIGNED LC-TYPE CALL NUMBER (OCLC); LOCAL CALL NUMBER (RLIN)
Classification number (OCLC) (R) ; Classification number, CALL (RLIN) (NR)
922.584
Local cutter number (OCLC) ; Book number/undivided call number, CALL (RLIN)
ا ب ن ر
100 1# - MAIN ENTRY--PERSONAL NAME
Personal name
ابن رجب، عبد الرحمن بن أحمد بن رجب،
Dates associated with a name
736-795 هجري
Relator term
مؤلف.
245 12 - TITLE STATEMENT
Title
الذيل على طبقات الحنابلة /
Statement of responsibility, etc.
زين الدين أبي الفرج عبد الرحمن بن شهاب الدين ؛ تحقيق وتعليق الدكتور عبدالرحمن بن سليمان العييمين
250 ## - EDITION STATEMENT
Edition statement
الطبعة الأولى.
264 #1 - PRODUCTION, PUBLICATION, DISTRIBUTION, MANUFACTURE, AND COPYRIGHT NOTICE
Place of production, publication, distribution, manufacture
الرياض :
Name of producer, publisher, distributor, manufacturer
مكتبة العبيكان،
Date of production, publication, distribution, manufacture, or copyright notice
2005
300 ## - PHYSICAL DESCRIPTION
Extent
مجلد ؛
Dimensions
24 سم
336 ## - CONTENT TYPE
Content type term
نص
Content type code
txt
Source
rdacontent
Materials specified
كتاب
337 ## - MEDIA TYPE
Media type term
بدون وسيط
Media type code
n
Source
rdamedia
338 ## - CARRIER TYPE
Carrier type term
مجلد
Carrier type code
nc
Source
rdacarrier
500 ## - GENERAL NOTE
General note
اهداء من الدكتور عبدالرحمن بن سليمان العييمين بتاريخ 25/ 6 /1426هـ
650 #7 - SUBJECT ADDED ENTRY--TOPICAL TERM
Topical term or geographic name entry element
الفقهاء الحنابلة
Form subdivision
تراجم
Source of heading or term
aucsh
700 1# - ADDED ENTRY--PERSONAL NAME
Personal name
حسن، أسامة
Relator term
مخرج أحاديث.
700 1# - ADDED ENTRY--PERSONAL NAME
Personal name
القاضي، حازم علي بهجت
Relator term
مخرج أحاديث.
700 12 - ADDED ENTRY--PERSONAL NAME
Relationship information
زيل لـ (عمل) :
Personal name
ابن أبي يعلى، محمد بن محمد بن الحسين،
Dates associated with a name
451-526 هجري.
Title of a work
طبقات الحنابلة
942 ## - ADDED ENTRY ELEMENTS (KOHA)
Source of classification or shelving scheme
Dewey Decimal Classification
Koha item type
Books
Suppress in OPAC
No
949 ## - LOCAL PROCESSING INFORMATION (OCLC)
a
SA-JeALM
d
240928
u
mohamedma123
n
1
Holdings
Withdrawn status
Lost status
Source of classification or shelving scheme
Materials specified (bound volume or other part)
Damaged status
Not for loan
Collection
Home library
Current library
Date acquired
Total checkouts
Full call number
Barcode
Date last seen
Price effective from
Koha item type
Dewey Decimal Classification
الجزء الاول
اهداء
DR AbdElwahab Library
DR AbdElwahab Library
02/12/2025
922.584 ا ب ن ر
000009887
02/12/2025
02/12/2025
Books
Dewey Decimal Classification
الجزء الثاني
اهداء
DR AbdElwahab Library
DR AbdElwahab Library
02/12/2025
922.584 ا ب ن ر
000009888
02/12/2025
02/12/2025
Books
Dewey Decimal Classification
الجزء الثالث
اهداء
DR AbdElwahab Library
DR AbdElwahab Library
02/12/2025
922.584 ا ب ن ر
000009889
02/12/2025
02/12/2025
Books
Dewey Decimal Classification
الجزء الرابع
اهداء
DR AbdElwahab Library
DR AbdElwahab Library
02/12/2025
922.584 ا ب ن ر
000009890
02/12/2025
02/12/2025
Books
Dewey Decimal Classification
الجزء الخامس
اهداء
DR AbdElwahab Library
DR AbdElwahab Library
02/12/2025
922.584 ا ب ن ر
000009891
02/12/2025
02/12/2025
Books
Place hold
Print
Add to your cart
(remove)
Save record
BIBTEX
Dublin Core
MARCXML
MARC (non-Unicode/MARC-8)
MARC (Unicode/UTF-8)
MARC (Unicode/UTF-8, Standard)
MODS (XML)
RIS
ISBD
More searches
Search for this title in:
Other Libraries (WorldCat)
Other Databases (Google Scholar)
Online Stores (Bookfinder.com)
Open Library (openlibrary.org)
Exporting to Dublin Core...
×
Simple DC-RDF
OAI-DC
SRW-DC